000
00295nam a2200121Ia 4500
008
241028s9999 xx 000 0 und d
041
_a
eng
082
_a
828 SET
100
_a
Seth Vikram
245
_a
The Hanuman Chalisa
260
_b
Speaking Tiger
_a
New Dehli
_c
2024
300
_a
100;. P. 23 Cm
999
_c
43138
_d
43138